000 00478nam a2200181Ia 4500
003 GCL
008 140319s9999 xx 000 0 eng d
040 _aGCL /
_cGCL
082 0 4 _aCC
_b932
_bB S
100 1 _aBROOKSBANK, F. H.
245 1 0 _aSTORIES OF EGYPTIAN GODS & HEROES /
_cBROOKSBANK, F. H.
260 _a[S.N] :
_bALEXANDRIA PRESS LTD
650 0 4 _aANCIENT EGYPT
650 0 4 _aEGYPTOLOGY
650 0 4 _aGODS, EGYPTIAN
650 0 4 _aEGYPT - HISTORY
942 _2ddc
_cBK
999 _c10979
_d10979